[Event "Titled Tuesday intern op 14th Feb Early"]
[Site "Chess.com INT"]
[Date "2023.02.14"]
[Round "7"]
[White "Krstulovic, Alex"]
[Black "Gimenez Aguirre, Ismael Alejo"]
[Result "1-0"]
[WhiteElo "2423"]
[BlackElo "2273"]
[PlyCount "73"]
[EventDate "2023.02.14"]
[EventType "swiss (blitz)"]
[EventRounds "11"]
[EventCountry "USA"]
[SourceTitle "CBM 212 Extra"]
[Source "ChessBase"]
[SourceDate "2023.03.31"]
[SourceVersion "1"]
[SourceVersionDate "2023.03.31"]
[SourceQuality "1"]

1. d4 Nf6 2. Nf3 e6 3. Bf4 c5 4. e3 cxd4 5. exd4 Qb6 6. Na3 Nd5 7. Nc4 Qc6 8. Nfe5 Qc7 9. Bg3 d6 10. Nf3 b5 11. Ncd2 a6 12. Bd3 Nc6 13. 0-0 Bb7 14. Re1 Be7 15. c4 bxc4 16. Nxc4 Nb6 17. Nxb6 Qxb6 18. d5 Nd8 19. Qa4+ Kf8 20. dxe6 fxe6 21. Qf4+ Ke8 22. Ng5 Bd5 23. Bxh7 Qxb2 24. Rab1 Qf6 25. Qxf6 gxf6 26. Bg6+ Kd7 27. Ne4 f5 28. Nc3 Bc4 29. Rbc1 Rh6 30. Na4 Rb8 31. Bxf5 Rb4 32. Rxc4 Rxc4 33. Nb6+ Ke8 34. Nxc4 exf5 35. Nxd6+ Kd7 36. Rxe7+ Kxe7 37. Nxf5+ 1-0

[Event "Titled Tuesday intern op 14th Feb Early"]
[Site "Chess.com INT"]
[Date "2023.02.14"]
[Round "2"]
[White "Mitrabha, Guha"]
[Black "Gimenez Aguirre, Ismael Alejo"]
[Result "1-0"]
[WhiteElo "2510"]
[BlackElo "2273"]
[PlyCount "77"]
[EventDate "2023.02.14"]
[EventType "swiss (blitz)"]
[EventRounds "11"]
[EventCountry "USA"]
[SourceTitle "CBM 212 Extra"]
[Source "ChessBase"]
[SourceDate "2023.03.31"]
[SourceVersion "1"]
[SourceVersionDate "2023.03.31"]
[SourceQuality "1"]

1. d4 Nf6 2. Nf3 e6 3. Bf4 c5 4. e3 Nc6 5. Nbd2 cxd4 6. exd4 a6 7. Nc4 d6 8. c3 b5 9. Ne3 Bb7 10. Bd3 Be7 11. 0-0 Nh5 12. Bg3 Nxg3 13. hxg3 Bf6 14. d5 Ne7 15. dxe6 fxe6 16. a4 Qb6 17. axb5 axb5 18. Rxa8+ Bxa8 19. Qb3 Kf7 20. Re1 Bxf3 21. gxf3 Rb8 22. Ng2 Nd5 23. Bf5 Nc7 24. Bxe6+ Kf8 25. Bg8 d5 26. Bxh7 b4 27. Qa4 bxc3 28. bxc3 Qc5 29. Nf4 Qd6 30. Qa7 Re8 31. Rxe8+ Kxe8 32. Qb8+ Ke7 33. Qg8 Ne6 34. Ng6+ Kd7 35. Qa8 Nc7 36. Qa4+ Qc6 37. Qg4+ Kd8 38. Nf8 Qxc3 39. Qd7# 1-0

[Event "General Pico Anconetani Memorial 5th"]
[Site "General Pico"]
[Date "2022.08.27"]
[Round "5"]
[White "Gimenez Aguirre, Ismael Alejo"]
[Black "Flores Becerra, Franco"]
[Result "1/2-1/2"]
[WhiteElo "2226"]
[BlackElo "1764"]
[PlyCount "73"]
[EventDate "2022.08.26"]
[EventType "swiss"]
[EventRounds "7"]
[EventCountry "ARG"]
[SourceTitle "EXT 2023"]
[Source "ChessBase"]
[SourceDate "2022.10.05"]
[SourceVersion "1"]
[SourceVersionDate "2022.10.05"]
[SourceQuality "1"]

1. e4 e5 2. Nf3 Nf6 3. Nc3 d5 4. exd5 e4 5. Ne5 Bb4 6. Bb5+ Nbd7 7. Qe2 0-0 8. Nxd7 Bxd7 9. a3 Bc5 10. Bxd7 Qxd7 11. 0-0 Rfe8 12. d3 exd3 13. Qxd3 Re5 14. Bf4 Rf5 15. Bg3 Bb6 16. Rad1 Rd8 17. Bh4 g5 18. Bg3 h5 19. d6 cxd6 20. Bxd6 Ng4 21. Ne4 Nf6 22. Nc3 Ng4 23. Ne4 Nf6 24. Ng3 Rd5 25. Nxh5 Qxd6 26. Nxf6+ Qxf6 27. Qxd5 Rxd5 28. Rxd5 Qxb2 29. Rxg5+ Kf8 30. h4 f6 31. Rf5 Kg7 32. Rd1 Qxc2 33. Rd7+ Kg6 34. Rf3 Bc7 35. g3 Qc6 36. Rfd3 f5 37. Re7 1/2-1/2

[Event "General Pico Anconetani Memorial 5th"]
[Site "General Pico"]
[Date "2022.08.27"]
[Round "4"]
[White "Sapienza, Julian"]
[Black "Gimenez Aguirre, Ismael Alejo"]
[Result "0-1"]
[WhiteElo "2035"]
[BlackElo "2226"]
[PlyCount "80"]
[EventDate "2022.08.26"]
[EventType "swiss"]
[EventRounds "7"]
[EventCountry "ARG"]
[SourceTitle "EXT 2023"]
[Source "ChessBase"]
[SourceDate "2022.10.05"]
[SourceVersion "1"]
[SourceVersionDate "2022.10.05"]
[SourceQuality "1"]

1. e4 c5 2. Nf3 g6 3. d4 cxd4 4. Nxd4 Bg7 5. Nc3 Nc6 6. Be3 Nf6 7. Bc4 0-0 8. Bb3 d6 9. f3 Bd7 10. Qd2 Rc8 11. 0-0-0 Ne5 12. Bh6 Nc4 13. Bxc4 Rxc4 14. Bxg7 Kxg7 15. h4 h5 16. g4 Qa5 17. Nb3 Qe5 18. g5 Ne8 19. f4 Qe6 20. Nd4 Qg4 21. Rdg1 e5 22. fxe5 Rxd4 23. Qxd4 Qf4+ 24. Kb1 Qxe5 25. Qxa7 Bc6 26. Rd1 f5 27. gxf6+ Nxf6 28. Qd4 Nxe4 29. Qxe5+ dxe5 30. Nxe4 Bxe4 31. Rhe1 Rf4 32. Rd6 Rxh4 33. a4 Rf4 34. a5 h4 35. Re3 g5 36. Re6 Rf1+ 37. Ka2 Bd5+ 38. b3 Bxe6 39. Rxe5 Kf6 40. Rb5 h3 0-1

[Event "Titled Tuesday intern op 21st Jun Late"]
[Site "Chess.com INT"]
[Date "2022.06.21"]
[Round "6"]
[White "Gimenez Aguirre, Ismael Alejo"]
[Black "Needleman, Alejandro"]
[Result "1/2-1/2"]
[WhiteElo "2226"]
[BlackElo "2325"]
[PlyCount "109"]
[EventDate "2022.06.21"]
[EventType "swiss (blitz)"]
[EventRounds "11"]
[EventCountry "USA"]
[SourceTitle "EXT 2023"]
[Source "ChessBase"]
[SourceDate "2022.10.05"]
[SourceVersion "1"]
[SourceVersionDate "2022.10.05"]
[SourceQuality "1"]

1. e4 c5 2. Nf3 e6 3. d4 cxd4 4. Nxd4 Nc6 5. Nxc6 bxc6 6. Bd3 Nf6 7. 0-0 e5 8. Nc3 Bc5 9. Kh1 d6 10. f4 Ng4 11. Qe1 exf4 12. Bxf4 0-0 13. h3 Ne5 14. Qg3 Qe7 15. Rad1 Kh8 16. Na4 Bb6 17. Nxb6 axb6 18. a3 b5 19. c3 f6 20. Bb1 Be6 21. Rf2 Bb3 22. Bc2 Bxc2 23. Rxc2 Rfd8 24. Rcd2 h6 25. Bxe5 dxe5 26. Qe3 Rxd2 27. Qxd2 Qe6 28. Qd7 Qc4 29. Qb7 Rf8 30. Qe7 Rg8 31. Qb4 Qe2 32. Rg1 Rd8 33. a4 bxa4 34. Qxa4 Rd2 35. Qxc6 Rxb2 36. Qc8+ Kh7 37. Qf5+ Kh8 38. Qc8+ Kh7 39. Qf5+ Kh8 40. Qg6 Rd2 41. Kh2 Qe3 42. Rb1 Qf4+ 43. Kh1 Rd8 44. c4 Qd2 45. Qf7 Qc2 46. Re1 Rd1 47. Rxd1 Qxd1+ 48. Kh2 Qc1 49. Qd5 Qf4+ 50. Kg1 Qc1+ 51. Kf2 Qc2+ 52. Kf1 Qc1+ 53. Kf2 Qc2+ 54. Kg3 Qc1 55. Kf2 1/2-1/2

[Event "Titled Tuesday intern op 21st Jun Late"]
[Site "Chess.com INT"]
[Date "2022.06.21"]
[Round "4"]
[White "Gimenez Aguirre, Ismael Alejo"]
[Black "Svicevic, Rastko"]
[Result "1-0"]
[WhiteElo "2226"]
[BlackElo "2200"]
[PlyCount "63"]
[EventDate "2022.06.21"]
[EventType "swiss (blitz)"]
[EventRounds "11"]
[EventCountry "USA"]
[SourceTitle "EXT 2023"]
[Source "ChessBase"]
[SourceDate "2022.10.05"]
[SourceVersion "1"]
[SourceVersionDate "2022.10.05"]
[SourceQuality "1"]

1. e4 c6 2. d4 d5 3. Nd2 dxe4 4. Nxe4 Nf6 5. Nxf6+ exf6 6. Nf3 Bd6 7. Be2 0-0 8. Be3 Qc7 9. Qd2 Bg4 10. 0-0-0 b5 11. h3 Bh5 12. g4 Bg6 13. h4 Nd7 14. g5 Rfe8 15. Rdg1 Kh8 16. h5 Be4 17. g6 Bxf3 18. Bxf3 Nf8 19. gxh7 Nxh7 20. Rg2 Ng5 21. Be2 Ne4 22. Qd3 Bf4 23. Kb1 Bxe3 24. Qxe3 Ng5 25. Qd2 Rad8 26. c3 c5 27. Bxb5 Re6 28. d5 c4 29. h6 g6 30. Qd4 Rb6 31. Rxg5 Rxb5 32. Qxf6+ 1-0

[Event "Titled Tuesday intern op 21st Jun Late"]
[Site "Chess.com INT"]
[Date "2022.06.21"]
[Round "3"]
[White "Sargsyan, Anna M"]
[Black "Gimenez Aguirre, Ismael Alejo"]
[Result "1-0"]
[WhiteElo "2378"]
[BlackElo "2226"]
[PlyCount "71"]
[EventDate "2022.06.21"]
[EventType "swiss (blitz)"]
[EventRounds "11"]
[EventCountry "USA"]
[SourceTitle "EXT 2023"]
[Source "ChessBase"]
[SourceDate "2022.10.05"]
[SourceVersion "1"]
[SourceVersionDate "2022.10.05"]
[SourceQuality "1"]

1. d4 Nf6 2. c4 e6 3. Nf3 Bb4+ 4. Bd2 a5 5. g3 b6 6. Bg2 Bb7 7. 0-0 0-0 8. Bf4 d5 9. c5 a4 10. a3 Ba5 11. Qxa4 bxc5 12. dxc5 c6 13. Qc2 Nbd7 14. Nbd2 Re8 15. b4 Bc7 16. Bxc7 Qxc7 17. e4 Ra7 18. exd5 exd5 19. Nb3 Ne4 20. Rfe1 Rea8 21. Qb2 Ba6 22. Nfd2 Nxd2 23. Nxd2 Nf6 24. a4 Rb8 25. Qc3 h5 26. Nb3 h4 27. Nd4 Bc4 28. Nf5 hxg3 29. hxg3 Rba8 30. Re7 Qd8 31. Rae1 Rxa4 32. Nh6+ Kh7 33. Nxf7 Qc8 34. Ng5+ Kg6 35. Qc2+ Kxg5 36. Rxg7+ 1-0